000 00460nam a2200157Ia 4500
999 _c8812
_d8812
003 OSt
005 20200827095039.0
008 190216s9999||||xx |||||||||||||| ||und||
040 _coclc
082 _a658.05
_bMAL/C
100 _aMalhotra, T D
_94368
245 0 _aComputer Application In Business /
_cT D Malhotra
260 _bKalyani Publishers,
_c2002.
_aNew Delhi:
300 _a288p
942 _cBK
_2ddc
_h658.05
_iMAL/C
_k658.05
_mMAL/C